Guillermo del Toro Movies - Statistics

General Stats
  • This quiz has been taken 8 times
  • The average score is 9 of 114
Answer Stats
Hint Answer % Correct
2006 Pan's Labyrinth
100%
2004 Hellboy
88%
2017 The Shape of Water
88%
2002 Blade II
63%
2021 Nightmare Alley
63%
2013 Pacific Rim
63%
1993 Cronos
50%
2008 Hellboy II: The Golden Army
50%
2022 Pinocchio
50%
2015 Crimson Peak
38%
1997 Mimic
38%
2001 The Devil's Backbone
38%
2004 Blade: Trinity
25%
2014 The Hobbit: The Battle of the Five Armies
25%
2007 The Orphanage
25%
2007 Diary of the Dead
13%
2010 Don't Be Afraid of the Dark
13%
2010 Megamind
13%
2001 Mimic 2
13%
2011 Puss in Boots
13%
2008 Quantum of Solace
13%
2014 The Book of Life
13%
2010 A Cockroach Named Henry
0%
1995 Algunas nubes
0%
2017 Alicia's Dream
0%
2012 A Little Bit Zombie
0%
2016 A Monster Calls
0%
2000 Amores perros
0%
2016 Anomalous
0%
2021 Antlers
0%
2016 Arise From Darkness
0%
2006 Babel
0%
1991 Bandidos
0%
2014 Birdman
0%
2010 Biutiful
0%
2000 Bullfighter
0%
1991 Cabeza de Vaca
0%
2008 Caixa Preta
0%
2014 Cesar Chavez
0%
2011 Cowboys and Aliens
0%
2000 Crónica de un desayuno
0%
2004 Cronicas
0%
2015 Desierto
0%
2009 District 9
0%
1993 Dollar Mambo
0%
1985 Dona Herlinda and Her Son
0%
2021 Dune
0%
2014 Edge of Tomorrow
0%
2004 El asombroso mundo de Borjamari y Pocholo
0%
1984 El corazón de la noche
0%
2013 Extraordinary Tales
0%
1989 Goitia, un dios para sí mismo
0%
2013 Gravity
0%
2023 Haunted Mansion
0%
2007 Hellboy Animated: Blood and Iron
0%
2006 Hellboy Animated: Sword of Storms
0%
2007 Hot Fuzz
0%
2014 How to Train Your Dragon 2
0%
2010 Hunter Prey
0%
2014 Implacable
0%
2002 I Murder Seriously
0%
2008 Insignificant Things
0%
2018 Jurassic World: Fallen Kingdom
0%
2011 Kung Fu Panda 2
0%
2016 Kung Fu Panda 3
0%
2018 London Fields
0%
2010 Los ojos de Julia
0%
2014 Lost River
0%
1989 Love Lies
0%
2013 Mama
0%
2016 Minutes After Midnight
0%
1992 Mi querido Tom Mix
0%
1990 Morir en el golfo
0%
2009 Mother and Child
0%
1987 Obdulia
0%
2018 Pacific Rim: Uprising
0%
2009 Rage
0%
2012 Rise of the Guardians
0%
2018 Roma
0%
2008 Rudo y Cursi
0%
2019 Scary Stories to Tell in the Dark
0%
TBD Scary Stories to Tell in the Dark 2
0%
2010 Scott Pilgrim V.S. the World
0%
2003 Secondhand Lions
0%
1991 Sólo con tu pareja
0%
2018 Sorry to Bother You
0%
2009 Splice
0%
2016 The Bad Batch
0%
2012 The Black Dahla Haunting
0%
2012 The Hobbit: An Unexpected Journey
0%
2013 The Hobbit: The Desolation of Smaug
0%
2012 The Impossible
0%
2006 The Last Winter
0%
2009 The Lovely Bones
0%
2009 The New Daughter
0%
2010 The Puppet Monster Massacre
0%
2015 The Revenant
0%
2014 The Taking of Deborrah Logan
0%
2015 The Thin Yellow Line
0%
2012 The Wild Adventures of El Santos
0%
2007 The Wind of Fear
0%
2020 The Witches
0%
2013 The World's End
0%
2001 Torrente 2: Mission in Marbella
0%
2005 Torrente 3: El protector
0%
2011 Torrente 4
0%
2014 Torrente 5
0%
1998 Torrente, el brazo tonto de la ley
0%
2021 Trollhunters: Rise of the Titans
0%
1998 Un embrujo
0%
TBD Untitled Werewolf Western Project
0%
2008 While She Was Out
0%
2011 Wonderland
0%
2001 Y tu mamá también
0%
No matching quizzes found
Score Distribution
Percent of People with Each Score
Percentile by Number Answered
Your Score History
You have not taken this quiz